Statistics for Countries Producing the Most Rice

Click here to take the quiz!

General Stats

  • This quiz has been taken 541 times
  • The average score is 16 of 20

Answer Stats

mil tonnescountry% Correct
210.0China
100%
159.0India
99%
77.3Indonesia
95%
8.0Japan
94%
43.4Vietnam
94%
25.6Thailand
92%
10.2United States
89%
10.4Pakistan
88%
9.8Cambodia
86%
4.1Laos
86%
52.6Bangladesh
85%
10.6Brazil
84%
17.6Philippines
83%
5.6South Korea
81%
25.7Myanmar
80%
4.3Nepal
64%
4.1Sri Lanka
62%
6.3Egypt
53%
6.1Nigeria
47%
3.8Madagascar
11%

Score Distribution

Percentile by Number Answered

Percent of People with Each Score

Your Score History

You have not taken this quiz